[Event "FRA-ch U12"]
[Site "Calvi"]
[Date "2005.04.21"]
[Round "6"]
[White "Amiri, Yacine"]
[Black "Yu, William"]
[Result "0-1"]
[WhiteElo "1630"]
[BlackElo "1860"]
[PlyCount "56"]
[EventDate "2005.04.??"]
[EventType "swiss"]
[EventRounds "9"]
[EventCountry "FRA"]
[SourceTitle "EXT 2006"]
[Source "ChessBase"]
[SourceDate "2005.11.24"]
[SourceVersion "1"]
[SourceVersionDate "2005.11.24"]
[SourceQuality "1"]

1. Nf3 g6 2. d4 Bg7 3. b3 d6 4. Bb2 Nc6 5. e3 Bd7 6. c4 e5 7. d5 Nce7 8. c5 f5 9. cxd6 cxd6 10. Na3 h6 11. Nc4 Nc8 12. Rc1 Nf6 13. Ba3 Bb5 14. Nxd6+ Nxd6 15. Bxd6 Bxf1 16. Bxe5 Ba6 17. d6 0-0 18. Qd2 Rc8 19. Rd1 Nd7 20. Bxg7 Kxg7 21. Qd4+ Kh7 22. Ne5 Qa5+ 23. b4 Qxe5 24. Qh4 g5 25. Qd4 Qxd4 26. Rxd4 Rc1+ 27. Rd1 Rfc8 28. f3 R8c2 0-1

[Event "FRA-ch U12"]
[Site "Calvi"]
[Date "2005.04.18"]
[Round "2"]
[White "Yu, William"]
[Black "Vieillot, Colin"]
[Result "1/2-1/2"]
[WhiteElo "1860"]
[BlackElo "1690"]
[PlyCount "146"]
[EventDate "2005.04.??"]
[EventType "swiss"]
[EventRounds "9"]
[EventCountry "FRA"]
[SourceTitle "EXT 2006"]
[Source "ChessBase"]
[SourceDate "2005.11.24"]
[SourceVersion "1"]
[SourceVersionDate "2005.11.24"]
[SourceQuality "1"]

1. e4 d5 2. exd5 Qxd5 3. Nc3 Qd6 4. Nf3 Nf6 5. Be2 Bg4 6. 0-0 a6 7. h3 Bh5 8. d3 Nc6 9. Be3 0-0-0 10. Ng5 Bg6 11. Bf3 Ne5 12. Nge4 Nxf3+ 13. Qxf3 Nxe4 14. Nxe4 Qc6 15. Rfc1 e6 16. Ng5 Qxf3 17. Nxf3 f6 18. Re1 Be7 19. Nd4 e5 20. Nb3 Rhe8 21. Nc5 Rd5 22. b4 f5 23. f3 Bf6 24. Rab1 e4 25. c4 Rdd8 26. dxe4 fxe4 27. f4 Bd4 28. Rb3 Bxe3+ 29. Rexe3 Rd1+ 30. Kf2 Rd2+ 31. Re2 Rxe2+ 32. Kxe2 Bf7 33. Rc3 c6 34. a4 b6 35. Nxa6 Kb7 36. b5 c5 37. a5 bxa5 38. Nxc5+ Kb6 39. Nd7+ Kc7 40. Ne5 Bg8 41. Ke3 Kb6 42. Kxe4 Kc5 43. Kd3 a4 44. Kc2 Kb4 45. Kb2 Ra8 46. Nc6+ Kc5 47. Ka3 Be6 48. Ne5 Bf5 49. g4 Be4 50. Nd7+ Kd4 51. Kb4 a3 52. Rxa3 Rxa3 53. Kxa3 Kxc4 54. Ka4 Kd4 55. b6 Ke3 56. Nc5 Bc6+ 57. Ka5 Kxf4 58. Ne6+ Kg3 59. Nxg7 Kxh3 60. g5 Kg4 61. Ne6 Bh1 62. Kb5 Ba8 63. Nc7 Bb7 64. Ne6 Kf5 65. Nf8 Kxg5 66. Nxh7+ Kf5 67. Kc5 Ke5 68. Nf8 Ba8 69. Nd7+ Ke6 70. Nb8 Bb7 71. Nc6 Kd7 72. Na5 Kc8 73. Nc6 Kd7 1/2-1/2

[Event "FRA-chT U20 0405"]
[Site "Agneaux"]
[Date "2004.12.19"]
[Round "4.6"]
[White "Yu, William"]
[Black "Auffret, Gaelle"]
[Result "1-0"]
[WhiteElo "1950"]
[BlackElo "1440"]
[PlyCount "77"]
[EventDate "2004.12.16"]
[EventType "team"]
[EventRounds "7"]
[EventCountry "FRA"]
[SourceTitle "EXT 2006"]
[Source "ChessBase"]
[SourceDate "2005.11.24"]
[SourceVersion "1"]
[SourceVersionDate "2005.11.24"]
[SourceQuality "1"]
[WhiteTeam "Paris NAO"]
[BlackTeam "Rennes Paul Bert"]
[WhiteTeamCountry "FRA"]
[BlackTeamCountry "FRA"]

1. e4 e6 2. d4 d5 3. Nc3 Bb4 4. e5 c5 5. a3 Bxc3+ 6. bxc3 Ne7 7. Nf3 Nbc6 8. a4 0-0 9. Bd3 f6 10. 0-0 Ng6 11. Bxg6 hxg6 12. Ba3 b6 13. dxc5 Ba6 14. Re1 b5 15. axb5 Bxb5 16. Nd4 Nxd4 17. cxd4 Rb8 18. Qg4 Qe8 19. c6 Rf7 20. Bd6 Rc8 21. c7 Rfxc7 22. Bxc7 Rxc7 23. exf6 Rxc2 24. Qxe6+ Qxe6 25. Rxe6 Kf7 26. Re7+ Kxf6 27. Rexa7 Rd2 28. f3 Rxd4 29. Rb7 Bc4 30. Raa7 Rd2 31. Rf7+ Kg5 32. Rxg7 d4 33. Rgd7 d3 34. Rd4 Rc2 35. Rad7 Kf5 36. R7d6 Ke5 37. f4+ Kf5 38. h3 d2 39. g4# 1-0

[Event "France-ch U12"]
[Site "Reims"]
[Date "2004.04.21"]
[Round "5"]
[White "Dionisi, Thomas"]
[Black "Yu, William"]
[Result "1/2-1/2"]
[WhiteElo "1670"]
[BlackElo "1850"]
[PlyCount "64"]
[EventDate "2004.04.??"]
[EventType "swiss"]
[EventRounds "9"]
[EventCountry "FRA"]
[SourceTitle "EXT 2005"]
[Source "ChessBase"]
[SourceDate "2004.11.15"]
[SourceVersion "1"]
[SourceVersionDate "2004.11.15"]
[SourceQuality "1"]

1. e4 e6 2. d4 d5 3. e5 c5 4. c3 Nc6 5. Nf3 Nge7 6. a3 cxd4 7. cxd4 Nf5 8. b4 Be7 9. Nc3 Bd7 10. Bb2 f6 11. Be2 fxe5 12. Nxe5 Nxe5 13. dxe5 0-0 14. 0-0 Be8 15. Bd3 Bg6 16. Ne2 a5 17. b5 Nh4 18. Bxg6 Nxg6 19. Bd4 Qd7 20. a4 Nf4 21. Nxf4 Rxf4 22. g3 Rff8 23. Rc1 Rac8 24. Qd3 Rxc1 25. Rxc1 Rc8 26. Rxc8+ Qxc8 27. Qc3 Qxc3 28. Bxc3 Bb4 29. Bd4 Kf7 30. f4 g6 31. Kf2 h6 32. Kf3 g5 1/2-1/2

[Event "France-ch U12"]
[Site "Reims"]
[Date "2004.04.20"]
[Round "4"]
[White "Yu, William"]
[Black "Sainet, Bertrand"]
[Result "1-0"]
[WhiteElo "1850"]
[BlackElo "1650"]
[PlyCount "49"]
[EventDate "2004.04.??"]
[EventType "swiss"]
[EventRounds "9"]
[EventCountry "FRA"]
[SourceTitle "EXT 2005"]
[Source "ChessBase"]
[SourceDate "2004.11.15"]
[SourceVersion "1"]
[SourceVersionDate "2004.11.15"]
[SourceQuality "1"]

1. e4 c5 2. g3 Nc6 3. Bg2 g6 4. Ne2 Bg7 5. 0-0 e6 6. c3 Nge7 7. d4 cxd4 8. cxd4 d5 9. exd5 Nxd5 10. Nbc3 0-0 11. Nxd5 exd5 12. Be3 Be6 13. Nf4 Qb6 14. Nxd5 Bxd5 15. Bxd5 Bxd4 16. Bh6 Rfd8 17. Qf3 Ne5 18. Qg2 Ng4 19. Bg5 Rd7 20. Bb3 h6 21. Bf4 g5 22. Bc1 Re7 23. Qf3 Nxf2 24. Rxf2 Bxf2+ 25. Qxf2 1-0

[Event "France-ch U12"]
[Site "Reims"]
[Date "2004.04.18"]
[Round "1"]
[White "Dijoux, Julien"]
[Black "Yu, William"]
[Result "0-1"]
[WhiteElo "1600"]
[BlackElo "1850"]
[PlyCount "90"]
[EventDate "2004.04.??"]
[EventType "swiss"]
[EventRounds "9"]
[EventCountry "FRA"]
[SourceTitle "EXT 2005"]
[Source "ChessBase"]
[SourceDate "2004.11.15"]
[SourceVersion "1"]
[SourceVersionDate "2004.11.15"]
[SourceQuality "1"]

1. e4 e6 2. d4 d5 3. exd5 exd5 4. Nf3 Bd6 5. Bd3 Ne7 6. 0-0 Nd7 7. Be3 Nf6 8. Nbd2 Nf5 9. Bg5 0-0 10. c3 h6 11. Be3 Nxe3 12. fxe3 Re8 13. Re1 Ne4 14. Qc2 Bf5 15. a3 Bh7 16. Rad1 Qf6 17. c4 c6 18. c5 Bc7 19. b4 a6 20. Rf1 Qe7 21. a4 Bg6 22. Qb3 Nxd2 23. Rxd2 Qxe3+ 24. Kh1 Be4 25. Re1 Qf4 26. Rde2 g5 27. Kg1 g4 28. Ne5 Bxe5 29. Bxe4 Bxd4+ 30. Kh1 Rxe4 31. Rxe4 dxe4 32. Qc4 Qe5 33. Rf1 Rf8 34. Qe2 f5 35. Qa2+ Kg7 36. Qd2 Kg6 37. Rd1 Rd8 38. Qe2 h5 39. b5 axb5 40. axb5 Qxc5 41. bxc6 bxc6 42. Qd2 Bf6 43. Qe2 Rxd1+ 44. Qxd1 Qd4 45. Qc1 Qa1 0-1

[Event "FRA-ch U10"]
[Site "Le Grand Bornand"]
[Date "2003.??.??"]
[Round "4.4"]
[White "Dionisi, Thomas"]
[Black "Yu, William"]
[Result "1-0"]
[WhiteElo "1500"]
[BlackElo "1710"]
[PlyCount "117"]
[EventDate "2003.??.??"]
[EventType "swiss"]
[EventRounds "9"]
[EventCountry "FRA"]
[SourceTitle "EXT 2004"]
[Source "ChessBase"]
[SourceDate "2003.11.25"]
[SourceVersion "1"]
[SourceVersionDate "2003.11.25"]
[SourceQuality "1"]

1. e4 c5 2. Nf3 d6 3. d4 cxd4 4. Nxd4 Nf6 5. Nc3 g6 6. Be3 Bg7 7. Be2 Nc6 8. 0-0 0-0 9. Qd2 Bd7 10. f4 Nxd4 11. Bxd4 Bc6 12. Bf3 e6 13. Rad1 d5 14. e5 Nd7 15. Be2 a6 16. b3 b5 17. b4 Nb6 18. Bxb6 Qxb6+ 19. Kh1 Rfd8 20. Qd4 Qxd4 21. Rxd4 Rac8 22. Bd3 Bb7 23. Ne2 Bf8 24. c3 Be7 25. Bc2 Rd7 26. Bb3 Bd8 27. Rc1 Bb6 28. Rdd1 Rdc7 29. Rd3 d4 30. Nxd4 Bxd4 31. Rxd4 Rxc3 32. Rxc3 Rxc3 33. h3 Rg3 34. Rd2 Kg7 35. Kh2 Re3 36. Rd7 Bc6 37. Rc7 Be4 38. Bxe6 Re2 39. Rxf7+ Kh6 40. h4 Rxg2+ 41. Kh3 Rb2 42. Bb3 Bf5+ 43. Kg3 Rd2 44. e6 Re2 45. e7 Re3+ 46. Kf2 Re4 47. Bd5 Be6 48. e8Q Bxd5 49. Qf8+ Kh5 50. Rxh7+ Kg4 51. Rf7 Bxf7 52. Qh6 Rxf4+ 53. Ke3 Rf5 54. Qh8 Rf3+ 55. Kd2 Bxa2 56. Qa8 Bf7 57. Qxa6 g5 58. hxg5 Kxg5 59. Qxb5+ 1-0

[Event "FRA-ch U10"]
[Site "Le Grand Bornand"]
[Date "2003.??.??"]
[Round "6.4"]
[White "Ider, Borya"]
[Black "Yu, William"]
[Result "0-1"]
[WhiteElo "1470"]
[BlackElo "1710"]
[PlyCount "35"]
[EventDate "2003.??.??"]
[EventType "swiss"]
[EventRounds "9"]
[EventCountry "FRA"]
[SourceTitle "EXT 2004"]
[Source "ChessBase"]
[SourceDate "2003.11.25"]
[SourceVersion "1"]
[SourceVersionDate "2003.11.25"]
[SourceQuality "1"]

1. d4 Nf6 2. Nf3 d5 3. Bf4 Bf5 4. Nbd2 e6 5. e3 c5 6. c3 Nc6 7. Qb3 Qd7 8. Bb5 g6 9. Ne5 Qc8 10. Bxc6+ bxc6 11. Qa4 c4 12. Qxc6+ Qxc6 13. Nxc6 Rc8 14. Ne5 Nh5 15. g4 Bxg4 16. Nxg4 Nxf4 17. exf4 Be7 18. Rc1 0-1

[Event "FRA-ch U10"]
[Site "Le Grand Bornand"]
[Date "2003.??.??"]
[Round "7.2"]
[White "Yu, William"]
[Black "Boutaut, Pierre"]
[Result "0-1"]
[WhiteElo "1710"]
[BlackElo "1570"]
[PlyCount "208"]
[EventDate "2003.??.??"]
[EventType "swiss"]
[EventRounds "9"]
[EventCountry "FRA"]
[SourceTitle "EXT 2004"]
[Source "ChessBase"]
[SourceDate "2003.11.25"]
[SourceVersion "1"]
[SourceVersionDate "2003.11.25"]
[SourceQuality "1"]

1. e4 d5 2. exd5 Qxd5 3. Nc3 Qa5 4. d4 Nf6 5. Bd2 c6 6. Ne4 Qc7 7. Nxf6+ exf6 8. Nf3 Bd6 9. Be2 Be6 10. c4 Qe7 11. Rc1 Nd7 12. c5 Bc7 13. a4 Bd5 14. 0-0 0-0 15. Re1 Qd8 16. Bc4 Bxc4 17. Rxc4 f5 18. Bg5 Nf6 19. Qd3 h6 20. Bh4 Bf4 21. Qxf5 g5 22. Nxg5 hxg5 23. Bxg5 Bxg5 24. Qxg5+ Kh8 25. Re3 Nh7 26. Qe5+ Qf6 27. Rh3 Qxe5 28. dxe5 Rad8 29. Kf1 Rg8 30. Rch4 Rg7 31. Ke2 Rd5 32. b4 Rxe5+ 33. Kd3 Rd5+ 34. Ke2 Re5+ 35. Kd2 Rd5+ 36. Ke2 Re5+ 37. Kf1 Rd5 38. Re3 Rd7 39. Re8+ Rg8 40. Re3 Rg7 41. Re8+ Rg8 42. Re5 Rg7 43. g3 f6 44. Rf5 Kg8 45. Ke2 Kf7 46. Rf3 Ng5 47. Re3 Kg6 48. Rc4 Rge7 49. h4 Rxe3+ 50. Kxe3 Nf7 51. f4 Nh6 52. Kf3 Rd3+ 53. Kg2 Ng4 54. Re4 Rd7 55. f5+ Kh5 56. b5 cxb5 57. axb5 Rd2+ 58. Kg1 Ne5 59. c6 bxc6 60. bxc6 Rc2 61. Kf1 Rxc6 62. Ke2 a5 63. Ra4 Rc5 64. Ke3 Nc4+ 65. Kf4 Nb2 66. Ra2 Rb5 67. Ke3 a4 68. Kd4 Rb3 69. Kd5 a3 70. Ke6 Rb6+ 71. Kf7 Ra6 72. Ke7 Kg4 73. Kf7 Kxf5 74. h5 Kg5 75. g4 Kh6 76. Ke7 Kg5 77. Kf7 Kh6 78. Ke7 Kg7 79. Ke8 Ra7 80. Kd8 Nc4 81. Ke8 Rb7 82. Kd8 Rb2 83. Ra1 a2 84. Ke7 Na5 85. h6+ Kxh6 86. Kxf6 Nb3 87. Rxa2 Rxa2 88. g5+ Kh5 89. g6 Ra6+ 90. Kf5 Rxg6 91. Kf4 Re6 92. Kf5 Nc5 93. Kf4 Kg6 94. Kf3 Re4 95. Kg3 Kf5 96. Kf3 Kg5 97. Kg3 Rf4 98. Kg2 Kg4 99. Kh2 Rf3 100. Kg2 Kf4 101. Kh2 Rg3 102. Kh1 Kf3 103. Kh2 Kf2 104. Kh1 Rh3# 0-1